Music Quiz

Random Music or Rock Quiz
Score 0/55 Timer 06:00
18 Plays Today
% Correct
With or Without You
92.2%
I Still Haven't Found What I'm Looking For
91.2%
Beautiful Day
90.9%
Sunday Bloody Sunday
90.3%
Sweet Child o' Mine
90.3%
Where the Streets Have No Name
88.3%
Welcome to the Jungle
88.1%
Paradise City
85%
More Than a Feeling
84.6%
Sharp Dressed Man
83.9%
Pride (In the Name of Love)
83.2%
School's Out
82.9%
Born to Be Wild
80.4%
November Rain
79.6%
Cheap Sunglasses
76.7%
New Year's Day
75.3%
La Grange
72.9%
Gimme All Your Lovin'
72.2%
No More Mr. Nice Guy
69.5%
Mysterious Ways
68.6%
Chinese Democracy
65.7%
Tush
64.5%
Magic Carpet Ride
64.2%
Teach Your Children
63%
Good Times Roll
60.7%
Just What I Needed
60.5%
Southern Cross
60.4%
I'm Eighteen
60.4%
% Correct
Amanda
60.3%
Zooropa
58.6%
Suite: Judy Blue Eyes
58.6%
Patience
57.8%
The Weight
55.7%
Ohio
55.2%
I Will Follow
54.5%
Marrakesh Express
54.2%
You Might Think
53%
Don't Look Back
52.5%
Up on Cripple Creek
50.9%
Our House
48.5%
Peace of Mind
47.3%
Just a Song Before I Go
46.5%
Rock & Roll Band
46.3%
You Could Be Mine
45.9%
Just Got Paid
42.5%
Carry On
41.9%
Smokin'
41.6%
Bus Stop
39.8%
Jesus Just Left Chicago
39.4%
Sleeping Bag
39.2%
Moving in Stereo
38.8%
Rough Boy
36.8%
Elected
30.8%
Under My Wheels
25.2%
Life is a Carnival
20.2%
Remove Ads.
Support Sporcle.
Get the best of Sporcle when you Go Orange. This ad-free experience offers more features, more stats, and more fun while also helping to support Sporcle. Thank you for becoming a member.

You're not logged in!

Compare scores with friends on all Sporcle quizzes.
OR
Log In

Show Comments

Extras

Top Quizzes Today


Score Distribution

Your Account Isn't Verified!

In order to create a playlist on Sporcle, you need to verify the email address you used during registration. Go to your Sporcle Settings to finish the process.

Report this User

Report this user for behavior that violates our Community Guidelines.

Details: